[Event "Mittelfranken-chTB2b 0910"]
[Site "Mittelfranken"]
[Date "2010.02.21"]
[Round "7.2"]
[White "Walter, Manfred"]
[Black "Roeschinger, Udo"]
[Result "1-0"]
[WhiteElo "1681"]
[BlackElo "1909"]
[PlyCount "81"]
[EventDate "2009.10.11"]
[EventType "team-tourn"]
[EventRounds "9"]
[EventCountry "GER"]
[SourceTitle "EXT 2011"]
[Source "ChessBase"]
[SourceDate "2010.11.26"]
[SourceVersion "1"]
[SourceVersionDate "2010.11.26"]
[SourceQuality "1"]
[WhiteTeam "Lauf II"]
[BlackTeam "Heilsbronn"]
[WhiteTeamCountry "GER"]
[BlackTeamCountry "GER"]

1. Nf3 c5 2. c4 Nc6 3. g3 g6 4. Bg2 Bg7 5. 0-0 d6 6. d3 e5 7. Nc3 Nge7 8. a3 0-0 9. Rb1 Rb8 10. b4 cxb4 11. axb4 d5 12. e4 dxe4 13. dxe4 Be6 14. Nd5 b5 15. Be3 bxc4 16. Nxe7+ Nxe7 17. Bxa7 Rb7 18. Bc5 f6 19. Qc2 Nc6 20. Rfd1 Qc8 21. Bxf8 Bxf8 22. b5 Nb4 23. Qa4 Nd3 24. Ne1 Nc5 25. Qa5 Nb3 26. Qd8 Qxd8 27. Rxd8 Rxb5 28. Bf1 Rc5 29. Rb8 Nd2 30. Ra1 Rc8 31. Rxc8 Bxc8 32. Ra8 Bb7 33. Rd8 c3 34. f3 Nxf1 35. Kxf1 Ba6+ 36. Kf2 Kf7 37. Rd7+ Be7 38. Nc2 Ke6 39. Rc7 h5 40. Rc6+ Kd7 41. Rxa6 1-0

[Event "Mittelfranken-chTB2b 0910"]
[Site "Mittelfranken"]
[Date "2009.11.22"]
[Round "3.2"]
[White "Rausch, Wolfgang"]
[Black "Roeschinger, Udo"]
[Result "1-0"]
[WhiteElo "1977"]
[BlackElo "1909"]
[PlyCount "85"]
[EventDate "2009.10.11"]
[EventType "team-tourn"]
[EventRounds "9"]
[EventCountry "GER"]
[SourceTitle "EXT 2011"]
[Source "ChessBase"]
[SourceDate "2010.11.26"]
[SourceVersion "1"]
[SourceVersionDate "2010.11.26"]
[SourceQuality "1"]
[WhiteTeam "Nuernberg NT IV"]
[BlackTeam "Heilsbronn"]
[WhiteTeamCountry "GER"]
[BlackTeamCountry "GER"]

1. d4 d5 2. c4 Nf6 3. cxd5 Nxd5 4. e4 Nf6 5. e5 Nd5 6. Bd3 Nc6 7. Ne2 Bg4 8. f3 Bh5 9. Nbc3 e6 10. Nxd5 exd5 11. Be3 Bb4+ 12. Kf2 Qd7 13. Qb3 Rb8 14. Rac1 a6 15. a3 Ba5 16. Rc5 0-0 17. Rxd5 Qe7 18. Nf4 Bg6 19. Bxg6 hxg6 20. Nxg6 Qe6 21. Nf4 Qe7 22. h4 Bb6 23. g3 Rbd8 24. Rd1 Na5 25. Qc3 Rxd5 26. Nxd5 Qe6 27. Nxb6 cxb6 28. d5 Qh3 29. d6 Qh2+ 30. Ke1 Nc6 31. Bf2 Qh3 32. g4 Qh2 33. d7 Qf4 34. Qe3 Qc4 35. f4 b5 36. b3 Qe6 37. f5 Qe7 38. e6 fxe6 39. Qxe6+ Qxe6+ 40. fxe6 Rf4 41. d8Q+ Nxd8 42. Rxd8+ Kh7 43. Rd4 1-0